| 000 | 00868nam a2200253Ia 4500 | ||
|---|---|---|---|
| 003 | OSt | ||
| 005 | 20220923223513.0 | ||
| 006 | a|||||r|||| 00| 0 | ||
| 007 | ta | ||
| 008 | 220922b |||||||| |||| 00| 0 hin d | ||
| 024 | _a218,324 | ||
| 037 | _cTextual | ||
| 040 |
_aARTS _cARTS _bhin |
||
| 041 |
_2hin _ahin |
||
| 082 | _aX:3M24xM18:g, 152N1;P3 | ||
| 100 | _aनामवार सिंह, संपा. | ||
| 245 | 0 | _aकार्ल मार्क्स कला और साहित्य चिंतन | |
| 246 | _aKārla mārksa kalā aur sāhitya chiantana | ||
| 260 |
_aदिल्ली _b राजकमल _c2002 |
||
| 300 |
_a216i` _ccm. |
||
| 650 | _aअर्थशास्त्र | ||
| 942 |
_hX:3M24xM18:g, 152N1;P3 _cTEXL _2CC |
||
| 999 |
_c365786 _d365786 |
||